Statistics for The Best Music Artists Since 2000

Click here to take the quiz!

General Stats

  • This quiz has been taken 245 times
  • The average score is 9 of 37

Answer Stats

TypeYearArtist% Correct
Best Female Artist2016Rihanna
67%
Best Female Artist2015Taylor Swift
63%
Best Male Artist2016Justin Bieber
59%
Best Female Artist2009Lady Gaga
54%
Best Male Artist2003Justin Timberlake
52%
Best Male Artist2009Kanye West
46%
Best Female Artist2004Britney Spears
43%
Best Group/Duo2004Maroon 5
33%
Best Female Artist2014Ariana Grande
31%
Best Male Artist2004Usher
31%
Best Male Artist2013Bruno Mars
30%
Best Female Artist2003Christina Aguilera
30%
Best Male Artist200550 Cent
28%
Best Group/Duo2001Destiny's Child
27%
Best Group/Duo2005Black Eyed Peas
26%
Best Group/Duo2000N Sync
26%
Best Female Artist2002Pink
25%
Best Female Artist2001Jennifer Lopez
20%
Best Female Artist2010Ke$ha
17%
Best Male Artist2001Nelly
17%
Best Male Artist2015The Weeknd
17%
Best Female Artist2005Kelly Clarkson
16%
Best Male Artist2008Chris Brown
15%
Best Male Artist2014Sam Smith
15%
Best Male Artist2010Jason Derulo
14%
Best Male Artist2012Flo Rida
13%
Best Group/Duo2016Twenty One Pilots
12%
Best Female Artist2007Fergie
11%
Best Group/Duo2006The Pussycat Dolls
10%
Best Group/Duo2008Jonas Brothers
9%
Best Group/Duo2013Macklemore & Ryan Lewis
9%
Best Male Artist2000Enrique Iglesias
7%
Best Group/Duo2011LMFAO
7%
Best Group/Duo20033 Doors Down
5%
Best Group/Duo2002No Doubt
4%
Best Male Artist2006Sean Paul
3%
Best Group/Duo2007Daughtry
1%

Score Distribution

Percentile by Number Answered

Percent of People with Each Score

Your Score History

You have not taken this quiz